000 00288nam a2200121Ia 4500
008 191201s2007 xx 000 0 und d
100 _aBusiness Week
245 0 _aLeadership Power Plays
260 _aN.Delhi
_bTata Mc Graw Hill
_c2007
300 _a195
650 _aMBA
942 _2ddc
_cBK
999 _c3286
_d3286